Statistics for Passive Voice - Camila Heredia

Click here to take the quiz!

General Stats

  • This quiz has been taken 54 times
  • The average score is 7 of 10

Answer Stats

QuestionAnswer% Correct
Many movies_____________ in Hollywood every year.ARE MADE
84%
Our office_____________ the cleaning crew every eveningIS CLEANED BY
81%
Football is a popular sport. It_________ in many countries in the world.IS PLAYED
78%
He's a famous actor. He _______ all over the world.IS KNOWN
73%
I often go to the library and_____________ some books to read.BORROW
68%
New year's Day ____________ on January 1 in most countries of the worldIS CELEBRATED
68%
My classmate ________ the answer to question number six.KNOWS
62%
Sometimes my older sister ___________ me with my homework.HELPS
57%
The restaurant chef __________ really great food.COOKS
54%
Millions of people _________ in airplanes every year.FLY
41%

Score Distribution

Percentile by Number Answered

Percent of People with Each Score

Your Score History

You have not taken this quiz